| 000 | 00712nam a2200217 a 4500 | ||
|---|---|---|---|
| 005 | 20140310183358.0 | ||
| 008 | 121004s19uu xx 00 eng d | ||
| 020 | _a9788171934555 | ||
| 050 |
_aZ 678 _b.P189 2011 |
||
| 100 | _aPandey, Raghunath | ||
| 245 |
_aLibrary planning and development / _cRaghunath Pandey, M.N. Valayudhan Pillai. |
||
| 260 |
_aNew Delhi, India : _bJnanada Prakashan, _c2011. |
||
| 300 |
_a309 p. : _c22 cm. |
||
| 500 | _a"in association with confederation of Indian Universities" Includes index | ||
| 650 | _aLibrary administration | ||
| 650 | _aLibrary planning | ||
| 650 | _aLibrary employees | ||
| 700 | _aPillai, M.N. Valayudhan | ||
| 942 |
_cBK _2lcc _kFOR |
||
| 999 |
_c22283 _d22283 |
||